Guess the 1970s song lyrics #99 - Statistics

General Stats
  • This quiz has been taken 48 times
  • The average score is 179 of 220
Answer Stats
Answer % Correct
the
100%
time
100%
You
100%
you
100%
a
97%
life
97%
of
97%
your
97%
can
95%
dance
95%
dancing
95%
Dancing
95%
Having
95%
queen
95%
and
92%
And
92%
that
92%
on
89%
only
89%
are
86%
be
86%
girl
86%
Oh
86%
oh
86%
see
86%
for
84%
go
84%
in
84%
music
84%
seventeen
84%
young
84%
Young
84%
scene
81%
to
81%
watch
81%
when
81%
is
78%
night
78%
Night
78%
jive
76%
sweet
76%
from
73%
get
73%
lights
73%
look
73%
out
73%
Feel
70%
mood
70%
place
70%
tambourine
70%
Friday
68%
low
68%
Where
68%
You're
68%
you're
68%
beat
65%
Digging
65%
Looking
65%
yeah
65%
chance
62%
do
62%
high
62%
could
59%
then
59%
they
59%
guy
54%
music's
54%
play
54%
will
54%
Anybody
51%
gone
51%
anyone
49%
right
46%
everything
43%
fine
41%
rock
41%
turn
41%
With
41%
come
32%
another
30%
getting
30%
Leave
27%
swing
27%
bit
24%
burning
24%
king
24%
teaser
22%
em
19%
No matching quizzes found
Score Distribution
Percent of People with Each Score
Percentile by Number Answered
Your Score History
You have not taken this quiz